| 000 | 00452nam a2200169Ia 4500 | ||
|---|---|---|---|
| 005 | 20240627070952.0 | ||
| 008 | 240331s9999 xx 000 0 und d | ||
| 020 | _a0750626771 | ||
| 082 |
_a004.6 _bCAR |
||
| 100 | _aCarter, R | ||
| 245 | 0 | _aInformation Technology | |
| 250 | _a2 nd | ||
| 260 |
_aOxford _bA division of reed educational & Professional Publishing Ltd _c1996 |
||
| 300 | _aix, 169 p ., | ||
| 650 | _ainformation technology | ||
| 942 | _cL | ||
| 999 |
_c633 _d633 |
||